000 00511nam a2200193Ia 4500
003 GCL
008 140319s9999 xx 000 0 eng d
040 _aGCL /
_cGCL
082 0 4 _a823
_bA S
100 1 _aARCHER, JEFFREY.
245 1 0 _aSHALL WE TELL THE PRESIDENT ? /
_cARCHER, JEFFREY.
260 _a[S.N] :
_bHARPER COLLINS COLLEGE PUBLISBERS ،
_c1993
300 _a247 P
650 0 4 _aENGLISH LITERATURE
650 0 4 _aLITERATURE
650 0 4 _aENGLISH FICTION
650 0 4 _aFICTION
942 _2ddc
_cBK
999 _c13096
_d13096